| 000 | 01309cas a22003857a 4500 | ||
|---|---|---|---|
| 005 | 20220329142126.0 | ||
| 008 | 990825d1970 mx zr pernn 0 uub1spa d | ||
| 010 | _a78839 | ||
| 011 | _a79811 | ||
| 022 | 0 | _a0186-3398 | |
| 035 | _a90217 | ||
| 245 | 0 | 0 |
_aCarta de México : _bSeparata _c/por Presidencia de la República |
| 260 | 0 |
_aMéxico, D.F. : _bPresidencia de la República, _c1970?- |
|
| 300 | _av. | ||
| 310 | _aIrregular | ||
| 362 | 1 | _an.37, 1976 | |
| 500 | _aSe dejó de recibir a partir del n.37 de 1976 | ||
| 590 |
_aBATCH-UPD _b10 _c20130110 _lUCH01 _h0408 |
||
| 590 |
_aBATCH-UPD _b10 _c20130110 _lUCH01 _h2356 |
||
| 590 |
_aBATCH-UPD _b10 _c20130410 _lUCH01 _h0041 |
||
| 590 |
_aBATCH-UPD _b10 _c20130410 _lUCH01 _h1642 |
||
| 590 |
_aBATCH-UPD _b10 _c20130914 _lUCH01 _h1824 |
||
| 590 |
_aCONVERSION _b10 _c20130109 _lUCH01 _h1344 |
||
| 650 | 1 | 4 |
_aMéxico _xCondiciones económicas _xPublicaciones periódicas. _976727 |
| 650 | 1 | 4 |
_aMéxico _xCondiciones sociales _xPublicaciones periódicas. _976734 |
| 866 | _an.1-4 (1971) | ||
| 866 | _an.10-17 (1973) | ||
| 866 | _an.18-26, 28-34 (1974-1975) | ||
| 866 | _an.37 (1976) | ||
| 866 | _an.5-7, 9 (1972) | ||
| 866 | _an.8 (1972) | ||
| 901 | _aSE | ||
| 905 | _aMarco A. Mendoza T. | ||
| 999 |
_c78839 _d78839 |
||